Pokémon commençant par la lettre O (français) - Statistiques

Statistiques générales
  • Ce quiz a été pris 467 fois
    196 depuis la dernière actualisation
  • Le résultat moyen est 15 sur 21
Statistiques - réponses
Numéro Pokémon % Correct
363 Obalie
91%
086 Otaria
91%
105 Ossatueur
87%
104 Osselait
87%
730 Oratoria
86%
728 Otaquin
85%
729 Otarlette
83%
604 Ohmassacre
82%
044 Ortide
79%
362 Oniglali
74%
095 Onix
72%
688 Opermine
71%
1017 Ogerpon
70%
390 Ouisticram
65%
224 Octillery
62%
360 Okéoké
62%
810 Ouistempo
60%
977 Oyacata
59%
928 Olivini
57%
929 Olivado
50%
533 Ouvrifier
43%
Aucun quiz correspondant
Distribution des résultats
% des personnes avec chaque résultat
Percentile par nombre de réponses
Votre historique - résultats
Vous n’avez pas pris ce quiz depuis la dernière actualisation